Statistics for Countries of Central America and the Caribbean

Click here to take the quiz!

General Stats

  • This quiz has been taken 48 times
  • The average score is 13 of 20

Answers on the Map

Answers color-coded by a green-red scale on the quiz's map according to % correct below.
Loading ...
 

Answer Stats

Country% Correct
Cuba
94%
El Salvador
88%
Jamaica
88%
Panama
88%
Dominica
82%
Costa Rica
76%
Honduras
76%
Belize
71%
Dominican Republic
71%
Haiti
71%
Nicaragua
71%
Bahamas
65%
Barbados
59%
Guatemala
53%
Trinidad and Tobago
53%
Saint Lucia
47%
Saint Kitts and Nevis
41%
Antigua and Barbuda
35%
Grenada
35%
Saint Vincent and the Grenadines
35%

Score Distribution

Percentile by Number Answered

Percent of People with Each Score

Your Score History

You have not taken this quiz